Πουλιά και θηλαστικά της Κρήτης

Αποθηκεύτηκε σε:
Λεπτομέρειες βιβλιογραφικής εγγραφής
Κύριος συγγραφέας: Σφήκας, Γεώργιος
Μορφή: Βιβλίο
Γλώσσα:Greek
Δημοσίευση: Αθήνα : Efstathiadis Group, c1989
Σειρά:Η φύση της Κρήτης
Θέματα:
Ετικέτες: Προσθήκη ετικέτας
Δεν υπάρχουν, Καταχωρήστε ετικέτα πρώτοι!

MARC

LEADER 00000nam a2200000 i 4500
001 1/72734
008 080128s1989 gre d
020 |a 960-226-104-8 
035 |l 10094194 
040 |a GR-MY-UA  |b gre  |e aacr 
041 0 |a gre 
082 0 |a 598.09495  |2 (22) 
100 1 |a Σφήκας, Γεώργιος. 
245 1 0 |a Πουλιά και θηλαστικά της Κρήτης /  |c Γιώργου Σφήκα 
260 |a Αθήνα :   |b Efstathiadis Group,   |c c1989 
300 |a 96 σ.;  |b έγχρ. εικ.;  |c 18 εκ. 
490 1 |a Η φύση της Κρήτης 
504 |a Περιέχει βιβλιογραφικές παραπομπές και ευρετήρια 
650 0 0 |a Birds  |z Greece  |z Crete  |x Pictorial works. 
650 0 0 |a Mammals  |z Greece  |z Crete  |x Pictorial works. 
830 0 |a Η φύση της Κρήτης 
852 |a INST  |b LESVOS  |e 20080128  |h 598.09495 ΣΦΗ  |p 005100040464  |q 005100040464  |t BK  |y 0 
901 |a BIBL1-2008-1 
909 |a Λ  |b 142113 
922 |a 1ΕΛΗ  |b 200711  |c ΕΠΕΑΕΚ2/ΤΠ  |d Σ. ΠΑΤΑΚΗΣ 
970 |a ΓΙΑΛΑΜΑ  |b ΜΑΡΙΑ  |z 2008/01/28